000 01675nam a22003137a 4500
999 _c21839
_d21839
003 AR-CdUCM
008 190425b ||||| |||| 00| 0 spa d
040 _aMUNICIPALIDAD PROVINCIAL DEL CUSCO
_cBIBLIOTECA MUNICIPAL DEL CUSCO
082 _aRev.Andi/N°16/1990
110 _aCentro Bartolomé de Las Casas
_93293
245 _aRevista andina /
_cCentro de estudios rurales andinos Bartolomé de Las Casas Cusco
260 _aCusco :
_bCentro Bartolomé de Las Casas,
_c1990.
300 _a335-620 páginas. :
_c23 cm.
440 _aPublicación Semestral del Centro Bartolomé de Las Casas Cusco.
_nAño 8, Número 16, N°2, Segundo semestre 1990.
_946361
500 _aAndes los años 80/90
505 _aContenido: Reconsideración del llamado quechua costeño. Rodolfo Cerrón-Palomino. -- Lo andino en Bolivia balance y prioridades. Xavier Albó. -- Modelos de organización del espacio un acercamiento a Bolivia. Jean-Paul Deler. -- Investigaciones sobre educación bilingüe en Perú y Bolivia 1980-1990. Juan Carlos Godenzzi. -- Arqueología peruana 1970-1990 algunos comentarios. Ramiro Matos Mendieta. -- La investigación arqueológica en el norte de Chile 1984-1990 evaluación y perspectivas. Mario A. Rivera.
650 _aLingüística
_91640
650 _aArqueología andina
_934565
650 _aEducación Bilingüe
_922011
650 _aQuechua costeño
_946362
700 _aCerrón Palomino, Rodolfo
_97429
700 _aAlbó, Xavier
_946363
700 _aDeler, Jean Paul
_946364
700 _aGodenzzi, Juan Carlos
_97427
700 _aMatos Mendieta, Ramiro
_940212
700 _aRivera, Mario
_946365
942 _2ddc
_cPP
945 _arac